[Event "Schleswig Holstein-ch Seniors op 11th"]
[Site "Buesum"]
[Date "2017.09.13"]
[Round "6"]
[White "Zimmermann, Manfred"]
[Black "Reichwald, Klaus Dieter"]
[Result "1-0"]
[WhiteElo "1949"]
[BlackElo "1834"]
[PlyCount "35"]
[EventDate "2017.09.08"]
[EventType "swiss"]
[EventRounds "9"]
[EventCountry "GER"]
[SourceTitle "EXT 2019"]
[Source "ChessBase"]
[SourceDate "2018.10.10"]
[SourceVersion "1"]
[SourceVersionDate "2018.10.10"]
[SourceQuality "1"]

1. d4 Nf6 2. Nf3 g6 3. Nc3 Bg7 4. e4 d6 5. Be3 c6 6. Qd2 0-0 7. 0-0-0 b5 8. Bd3 a5 9. Bh6 a4 10. h4 b4 11. Nb1 b3 12. a3 Qa5 13. c3 Qh5 14. Bxg7 Kxg7 15. Rde1 e5 16. Ng5 h6 17. Be2 Bg4 18. f3 1-0

[Event "Bad Woerishofen Seniors op 32nd"]
[Site "Bad Woerishofen"]
[Date "2016.03.04"]
[Round "8"]
[White "Reichwald, Klaus Dieter"]
[Black "Collins, Alan"]
[Result "1/2-1/2"]
[WhiteElo "1852"]
[BlackElo "1753"]
[PlyCount "82"]
[EventDate "2016.02.26"]
[EventType "swiss"]
[EventRounds "9"]
[EventCountry "GER"]
[SourceTitle "EXT 2019"]
[Source "ChessBase"]
[SourceDate "2018.10.10"]
[SourceVersion "1"]
[SourceVersionDate "2018.10.10"]
[SourceQuality "1"]

1. e4 d6 2. d4 Nf6 3. Nc3 c6 4. Bd3 Qb6 5. Nge2 e5 6. dxe5 dxe5 7. 0-0 Be6 8. Be3 Qc7 9. h3 Bd6 10. a3 Nbd7 11. b4 0-0 12. Ng3 Rad8 13. Qe2 b5 14. Rad1 Nb6 15. Nf5 Bxf5 16. exf5 Nbd5 17. Nxd5 Nxd5 18. Bd2 f6 19. g3 Kh8 20. c4 bxc4 21. Bxc4 Be7 22. Qe4 Nb6 23. Be3 Na4 24. Qc2 Nb6 25. Bb5 Nd5 26. Qxc6 Qxc6 27. Bxc6 Nxe3 28. fxe3 Rc8 29. Rc1 Rfd8 30. Be4 Kg8 31. Rxc8 Rxc8 32. Rd1 Rc3 33. Rd3 Rxd3 34. Bxd3 Kf8 35. Kf1 Ke8 36. Ke2 Kd7 37. Be4 Kc7 38. Kd3 a5 39. Kc4 axb4 40. axb4 Kb6 41. b5 Bc5 1/2-1/2

[Event "Bayern-ch Seniors op 27th"]
[Site "Bergen"]
[Date "2015.06.15"]
[Round "7"]
[White "Malik, Heinz"]
[Black "Reichwald, Klaus Dieter"]
[Result "1/2-1/2"]
[WhiteElo "1609"]
[BlackElo "1743"]
[PlyCount "72"]
[EventDate "2015.06.15"]
[EventType "swiss"]
[EventRounds "9"]
[EventCountry "GER"]
[SourceTitle "EXT 2019"]
[Source "ChessBase"]
[SourceDate "2018.10.10"]
[SourceVersion "1"]
[SourceVersionDate "2018.10.10"]
[SourceQuality "1"]

1. Nf3 Nf6 2. c4 g6 3. g3 Bg7 4. Bg2 c6 5. 0-0 0-0 6. d4 d5 7. b3 Na6 8. Nc3 Nc7 9. Re1 Re8 10. Bb2 Ng4 11. h3 Nf6 12. Ne5 Nd7 13. Nxd7 Qxd7 14. e3 f5 15. f4 e6 16. Rc1 Rd8 17. Na4 b6 18. Ba3 Bb7 19. Qc2 Rac8 20. b4 Ne8 21. c5 b5 22. Nb2 Nf6 23. Nd3 Ne4 24. Kh2 Bf6 25. Rg1 Qg7 26. Bxe4 fxe4 27. Ne5 h6 28. Qe2 Rc7 29. Rcf1 Bc8 30. Bc1 Bxe5 31. fxe5 Rf8 32. Rxf8+ Qxf8 33. Rf1 Rf7 34. Rxf7 Qxf7 35. g4 Bd7 36. Bd2 Kh7 1/2-1/2

[Event "Bayern-ch Seniors op 27th"]
[Site "Bergen"]
[Date "2015.06.15"]
[Round "2"]
[White "Reichwald, Klaus Dieter"]
[Black "Jagdhuber, Hans"]
[Result "1/2-1/2"]
[WhiteElo "1743"]
[BlackElo "1906"]
[PlyCount "93"]
[EventDate "2015.06.15"]
[EventType "swiss"]
[EventRounds "9"]
[EventCountry "GER"]
[SourceTitle "EXT 2019"]
[Source "ChessBase"]
[SourceDate "2018.10.10"]
[SourceVersion "1"]
[SourceVersionDate "2018.10.10"]
[SourceQuality "1"]

1. e4 g6 2. Nf3 Bg7 3. d4 c6 4. c4 d6 5. Nc3 Nd7 6. Be2 Ngf6 7. 0-0 0-0 8. h3 e5 9. dxe5 dxe5 10. Qc2 Qc7 11. Be3 Nh5 12. g3 Re8 13. Kh2 Nf8 14. Rad1 Ne6 15. Qc1 Nf6 16. c5 Nd7 17. b4 a5 18. a3 axb4 19. axb4 b6 20. Bc4 bxc5 21. Bxe6 Rxe6 22. bxc5 Bf8 23. Ng5 Re8 24. Ne2 Ra5 25. Qc4 Nxc5 26. Rc1 Ba6 27. Qc2 Ne6 28. Nxe6 Rxe6 29. Rfe1 Bxe2 30. Qxe2 c5 31. Rc4 Qa7 32. Rec1 Qa6 33. Qf1 Rc6 34. g4 h6 35. Qe2 Ra4 36. Qf1 Rxc4 37. Qxc4 Qxc4 38. Rxc4 Kg7 39. Kg2 Kf6 40. Kf3 Ke6 41. Ke2 Kd7 42. Kd3 Rc8 43. Ra4 Kc6 44. Kc4 Rb8 45. Ra6+ Rb6 46. Rxb6+ Kxb6 47. f3 1/2-1/2

[Event "Bayern-ch Seniors op 27th"]
[Site "Bergen"]
[Date "2015.06.15"]
[Round "4"]
[White "Reichwald, Klaus Dieter"]
[Black "Riegler, Markus"]
[Result "0-1"]
[WhiteElo "1743"]
[BlackElo "1609"]
[PlyCount "92"]
[EventDate "2015.06.15"]
[EventType "swiss"]
[EventRounds "9"]
[EventCountry "GER"]
[SourceTitle "EXT 2019"]
[Source "ChessBase"]
[SourceDate "2018.10.10"]
[SourceVersion "1"]
[SourceVersionDate "2018.10.10"]
[SourceQuality "1"]

1. e4 d5 2. exd5 Qxd5 3. Nc3 Qa5 4. Nf3 Nf6 5. Bc4 Bg4 6. 0-0 e6 7. d3 c6 8. Bd2 Qc7 9. Ne4 Be7 10. h3 Bh5 11. Ng3 Bg6 12. Qe2 Nd5 13. Rae1 Nd7 14. Ne4 h6 15. Bb3 0-0-0 16. c4 N5f6 17. Bc2 Nxe4 18. dxe4 f6 19. b4 e5 20. a4 Bf7 21. Bd3 g5 22. Rb1 h5 23. Be3 Kb8 24. a5 g4 25. Nh2 gxh3 26. g3 Be6 27. b5 Nc5 28. Bxc5 Bxc5 29. bxc6 Qxc6 30. Rb5 Rh7 31. Rfb1 Ka8 32. Qc2 Bc8 33. Bf1 Rg7 34. Kh1 h4 35. g4 f5 36. f3 fxg4 37. Nxg4 Bxg4 38. fxg4 Rf8 39. Bxh3 Rf4 40. Qd3 Rd7 41. Qc2 Rf2 42. Qb3 Qxe4+ 43. Kg1 Rb2+ 44. Rxc5 Qxb1+ 45. Bf1 Rd8 46. Qe3 Qc2 0-1

[Event "Bad Woerishofen Seniors op 31st"]
[Site "Bad Woerishofen"]
[Date "2015.02.27"]
[Round "1.48"]
[White "Reichwald, Klaus Dieter"]
[Black "Luebbers, Doris"]
[Result "1/2-1/2"]
[WhiteElo "1871"]
[BlackElo "1530"]
[PlyCount "83"]
[EventDate "2015.02.27"]
[EventType "swiss"]
[EventRounds "9"]
[EventCountry "GER"]
[SourceTitle "EXT 2016"]
[Source "ChessBase"]
[SourceDate "2015.10.08"]
[SourceVersion "1"]
[SourceVersionDate "2015.10.08"]
[SourceQuality "1"]

1. d4 Nf6 2. Nf3 g6 3. e3 Bg7 4. c3 d6 5. Bd3 Nbd7 6. 0-0 0-0 7. Nbd2 c5 8. b3 Qc7 9. Bb2 b6 10. Rc1 Bb7 11. c4 Rad8 12. Qc2 e5 13. d5 Ng4 14. e4 Ndf6 15. Rcd1 Nh5 16. Bc1 Nf4 17. Nb1 Bc8 18. Bxf4 exf4 19. Nc3 Qe7 20. Rc1 Ne5 21. Nxe5 Bxe5 22. Be2 g5 23. Rfd1 g4 24. Bf1 Kh8 25. Ne2 Rg8 26. Qd2 Qf6 27. Kh1 Qh6 28. g3 Rg5 29. Nxf4 Qg7 30. Bd3 Rg8 31. Rg1 h5 32. Rg2 Qf6 33. Rf1 h4 34. Rgg1 R8g7 35. Rg2 Rh7 36. Rgg1 hxg3 37. fxg3 Qh6 38. Rg2 Qg7 39. Rd1 Rh6 40. Rf1 Rf6 41. Rgf2 Bd4 42. Rg2 1/2-1/2

[Event "Bayern-ch op Seniors 26th"]
[Site "Bergen"]
[Date "2014.06.25"]
[Round "5"]
[White "Simin, Vladimir"]
[Black "Reichwald, Klaus Dieter"]
[Result "1-0"]
[WhiteElo "1883"]
[BlackElo "1707"]
[PlyCount "101"]
[EventDate "2014.06.21"]
[EventType "swiss"]
[EventRounds "7"]
[EventCountry "GER"]
[SourceTitle "EXT 2018"]
[Source "ChessBase"]
[SourceDate "2017.10.13"]
[SourceVersion "1"]
[SourceVersionDate "2017.10.13"]
[SourceQuality "1"]

1. e4 c5 2. Nf3 Nc6 3. d4 cxd4 4. Nxd4 d6 5. Nc3 g6 6. Be3 Bg7 7. Qd2 Nf6 8. f3 Bd7 9. 0-0-0 a6 10. g4 b5 11. h4 Qa5 12. Nb3 Qc7 13. h5 Ne5 14. h6 Bf8 15. g5 b4 16. Nd5 Nxd5 17. exd5 Nxf3 18. Qxb4 a5 19. Qb6 Qxb6 20. Bxb6 a4 21. Nd4 Nxg5 22. Nb5 Rc8 23. Nc7+ Rxc7 24. Bxc7 f6 25. Bb6 Nf7 26. Be3 g5 27. b4 axb3 28. cxb3 Nxh6 29. b4 Ng4 30. Bd4 Bg7 31. Bd3 Kf7 32. Rxh7 Rxh7 33. Bxh7 f5 34. b5 Bxd4 35. Rxd4 Nf6 36. b6 Bc8 37. Bxf5 Bxf5 38. b7 Nd7 39. Ra4 g4 40. Kd2 Kf6 41. Rb4 Ke5 42. b8Q Nxb8 43. Rxb8 Kxd5 44. a4 Kc6 45. a5 Kc7 46. Rb4 Bc8 47. Rc4+ Kb8 48. Ke3 d5 49. Rd4 e6 50. Kf4 Bd7 51. Kxg4 1-0

[Event "Bayern-ch op Seniors 26th"]
[Site "Bergen"]
[Date "2014.06.24"]
[Round "4"]
[White "Reichwald, Klaus Dieter"]
[Black "Willin, Bernhard"]
[Result "1/2-1/2"]
[WhiteElo "1707"]
[BlackElo "1807"]
[PlyCount "60"]
[EventDate "2014.06.21"]
[EventType "swiss"]
[EventRounds "7"]
[EventCountry "GER"]
[SourceTitle "EXT 2018"]
[Source "ChessBase"]
[SourceDate "2017.10.13"]
[SourceVersion "1"]
[SourceVersionDate "2017.10.13"]
[SourceQuality "1"]

1. e4 c5 2. Nc3 Nc6 3. Nge2 d6 4. g3 g6 5. Bg2 Bg7 6. 0-0 e6 7. d3 Nge7 8. Be3 Nd4 9. Rb1 Nec6 10. a3 a5 11. Qd2 Bd7 12. Rfc1 0-0 13. Bh6 Rb8 14. Bxg7 Kxg7 15. Nxd4 Nxd4 16. Ne2 Nxe2+ 17. Qxe2 e5 18. Rf1 f5 19. f4 exf4 20. Rxf4 Qe7 21. Rbf1 Rbe8 22. Qd2 b6 23. Qc3+ Qe5 24. Qxe5+ Rxe5 25. exf5 Rexf5 26. Rxf5 Rxf5 27. Rxf5 Bxf5 28. Kf2 Kf6 29. Ke3 h6 30. c3 g5 1/2-1/2

[Event "Bayern-ch op Seniors 26th"]
[Site "Bergen"]
[Date "2014.06.22"]
[Round "2"]
[White "Reichwald, Klaus Dieter"]
[Black "Kochseder, Georg"]
[Result "1/2-1/2"]
[WhiteElo "1707"]
[BlackElo "1892"]
[PlyCount "85"]
[EventDate "2014.06.21"]
[EventType "swiss"]
[EventRounds "7"]
[EventCountry "GER"]
[SourceTitle "EXT 2018"]
[Source "ChessBase"]
[SourceDate "2017.10.13"]
[SourceVersion "1"]
[SourceVersionDate "2017.10.13"]
[SourceQuality "1"]

1. e4 c5 2. Nc3 d6 3. Nge2 Nc6 4. d3 g6 5. g3 Bg7 6. Bg2 e5 7. 0-0 Nge7 8. Bg5 f6 9. Bd2 0-0 10. f4 Be6 11. Kh1 Qd7 12. Nd5 Bg4 13. c3 Nxd5 14. exd5 Ne7 15. Qe1 Bh3 16. Qf2 Bxg2+ 17. Qxg2 Qb5 18. c4 Qxb2 19. Bc3 Qb6 20. Rfb1 Qc7 21. Bd2 b6 22. Nc3 Nf5 23. fxe5 fxe5 24. Ne4 Nd4 25. Be3 Qe7 26. Bg5 Qd7 27. Be3 h6 28. Rf1 Kh7 29. Bxd4 exd4 30. Rxf8 Rxf8 31. Rf1 Rxf1+ 32. Qxf1 Qe7 33. Qf4 Be5 34. Qg4 Qf7 35. Kg2 Kg7 36. Qf3 Qxf3+ 37. Kxf3 Kf7 38. h3 Ke7 39. g4 Bf6 40. Ke2 Be5 41. Kd2 Kd7 42. Kc2 a6 43. a4 1/2-1/2

[Event "Bad Woerishofen Seniors op 30th"]
[Site "Bad Woerishofen"]
[Date "2014.03.28"]
[Round "8"]
[White "Reichwald, Klaus Dieter"]
[Black "Schweitzer, Paul"]
[Result "1/2-1/2"]
[WhiteElo "1894"]
[BlackElo "1696"]
[PlyCount "34"]
[EventDate "2014.03.21"]
[EventType "swiss"]
[EventRounds "9"]
[EventCountry "GER"]
[SourceTitle "EXT 2019"]
[Source "ChessBase"]
[SourceDate "2018.10.10"]
[SourceVersion "1"]
[SourceVersionDate "2018.10.10"]
[SourceQuality "1"]

1. e4 b6 2. d4 e6 3. Nf3 Bb7 4. Bd3 Be7 5. Be3 c6 6. Nbd2 Nf6 7. h3 Ba6 8. Bxa6 Nxa6 9. c3 b5 10. 0-0 Nc7 11. Ne5 a5 12. f4 Ra6 13. Qf3 d5 14. Rae1 dxe4 15. Nxe4 Nxe4 16. Qxe4 Qd5 17. Qxd5 Nxd5 1/2-1/2

[Event "Bad Woerishofen Seniors op 30th"]
[Site "Bad Woerishofen"]
[Date "2014.03.24"]
[Round "4"]
[White "Reichwald, Klaus Dieter"]
[Black "Wagner, Gerhard"]
[Result "1-0"]
[WhiteElo "1894"]
[BlackElo "1795"]
[PlyCount "105"]
[EventDate "2014.03.21"]
[EventType "swiss"]
[EventRounds "9"]
[EventCountry "GER"]
[SourceTitle "EXT 2019"]
[Source "ChessBase"]
[SourceDate "2018.10.10"]
[SourceVersion "1"]
[SourceVersionDate "2018.10.10"]
[SourceQuality "1"]

1. e4 e6 2. d3 d5 3. Nc3 d4 4. Nce2 e5 5. f4 f6 6. Nf3 Bd6 7. fxe5 fxe5 8. Ng3 Nf6 9. Be2 Nc6 10. 0-0 Qe7 11. Ng5 Bd7 12. a3 0-0-0 13. Nf3 g6 14. b4 Nb8 15. Bd2 h6 16. Qc1 Qh7 17. a4 g5 18. Qb2 g4 19. Nh4 Be7 20. Nhf5 Bxf5 21. Nxf5 h5 22. c4 h4 23. c5 Rdg8 24. Rac1 Nh5 25. Qb3 Kd7 26. Qd5+ Kc8 27. Qe6+ Kd8 28. Qd5+ Kc8 29. Qxe5 Nc6 30. Qe6+ Kb8 31. Nxe7 Nxe7 32. Rf7 Rg7 33. Rxg7 Qxg7 34. Bxg4 Nf6 35. h3 Nxg4 36. Qxg4 Qxg4 37. hxg4 h3 38. Rf1 b6 39. Rf7 hxg2 40. Kxg2 Nc6 41. Bf4 Rc8 42. cxb6 axb6 43. b5 Nb4 44. g5 Nxd3 45. g6 Nxf4+ 46. Rxf4 Rg8 47. Rg4 Rg7 48. Kf3 Kc8 49. Kf4 Kd7 50. Kf5 c5 51. bxc6+ Kxc6 52. Kf6 Rd7 53. g7 1-0

[Event "Bayern-ch Seniors 25th"]
[Site "Bergen"]
[Date "2013.06.18"]
[Round "5.17"]
[White "Reichwald, Klaus Dieter"]
[Black "Aigner, Georg"]
[Result "1-0"]
[WhiteElo "1693"]
[BlackElo "1817"]
[PlyCount "55"]
[EventDate "2013.06.15"]
[EventType "swiss"]
[EventRounds "9"]
[EventCountry "GER"]
[SourceTitle "EXT 2022"]
[Source "ChessBase"]
[SourceDate "2021.10.06"]
[SourceVersion "1"]
[SourceVersionDate "2021.10.06"]
[SourceQuality "1"]

1. e4 e5 2. Nf3 Nc6 3. Bb5 Nd4 4. Nxd4 exd4 5. d3 Qf6 6. 0-0 c6 7. Bc4 d6 8. c3 dxc3 9. Nxc3 Qg6 10. Ne2 Bg4 11. f3 Bd7 12. Qe1 h5 13. f4 f5 14. exf5 Bxf5 15. Nd4+ Ne7 16. Nxf5 Qxf5 17. Be6 Qf6 18. f5 Kd8 19. Be3 Nc8 20. Qd2 Be7 21. Qa5+ b6 22. Qa4 b5 23. Qa6 c5 24. Qxb5 Nb6 25. a4 Kc7 26. a5 Nc8 27. Qd7+ Kb8 28. a6 1-0

[Event "Bayern-ch Seniors 25th"]
[Site "Bergen"]
[Date "2013.06.15"]
[Round "1.47"]
[White "Reichwald, Klaus Dieter"]
[Black "Steckel, Werner"]
[Result "1/2-1/2"]
[WhiteElo "1693"]
[BlackElo "1254"]
[PlyCount "88"]
[EventDate "2013.06.15"]
[EventType "swiss"]
[EventRounds "9"]
[EventCountry "GER"]
[SourceTitle "EXT 2022"]
[Source "ChessBase"]
[SourceDate "2021.10.06"]
[SourceVersion "1"]
[SourceVersionDate "2021.10.06"]
[SourceQuality "1"]

1. e4 c5 2. Nc3 Nc6 3. f4 d6 4. Nf3 e6 5. d3 g6 6. Be2 Nd4 7. 0-0 Bg7 8. Be3 Ne7 9. Qd2 0-0 10. Nd1 b6 11. c3 Nxe2+ 12. Qxe2 Qc7 13. Nf2 Bb7 14. Rac1 f5 15. Ng5 Qd7 16. Rfd1 h6 17. Nf3 Ba6 18. Qd2 Rad8 19. d4 Qc7 20. Qc2 e5 21. dxe5 dxe5 22. g3 Bc8 23. Nxe5 fxe4 24. Re1 Bxe5 25. fxe5 Nf5 26. Nxe4 Nxe3 27. Rxe3 Bf5 28. Rce1 Qxe5 29. Qe2 Qb8 30. g4 Bd7 31. g5 hxg5 32. Nxg5 Qf4 33. Ne6 Bxe6 34. Rxe6 Qg5+ 35. Qg2 Qxg2+ 36. Kxg2 Rd2+ 37. R1e2 Rxe2+ 38. Rxe2 Kg7 39. Kg3 a5 40. a4 Rf6 41. Re7+ Kh6 42. h4 Rd6 43. Re2 g5 44. hxg5+ Kxg5 1/2-1/2

[Event "Bayern-ch Seniors 24nd"]
[Site "Bergen"]
[Date "2012.06.24"]
[Round "9"]
[White "Wiesner, Werner"]
[Black "Reichwald, Klaus Dieter"]
[Result "1/2-1/2"]
[WhiteElo "1903"]
[BlackElo "1738"]
[PlyCount "102"]
[EventDate "2012.06.16"]
[EventType "swiss"]
[EventRounds "9"]
[EventCountry "GER"]
[SourceTitle "EXT 2015"]
[Source "ChessBase"]
[SourceDate "2014.11.20"]
[SourceVersion "1"]
[SourceVersionDate "2014.11.20"]
[SourceQuality "1"]

1. e4 d6 2. d4 Nf6 3. Bd3 g6 4. Nf3 Bg7 5. 0-0 0-0 6. c3 Nc6 7. Re1 e5 8. Bg5 h6 9. Bh4 g5 10. dxe5 Nxe5 11. Nxe5 dxe5 12. Bg3 Qe7 13. Na3 Bd7 14. Nc4 Nh7 15. Ne3 Rad8 16. Qb3 b6 17. Rad1 Qc5 18. Qd5 Qxd5 19. Nxd5 c6 20. Ne3 Be6 21. Bc4 Bxc4 22. Nxc4 f6 23. Ne3 Rfe8 24. Kf1 Kf7 25. Nf5 Bf8 26. Ke2 h5 27. f3 Be7 28. h3 Nf8 29. Bf2 Ne6 30. Be3 Rxd1 31. Rxd1 Rd8 32. Rxd8 Nxd8 33. Kd3 Ne6 34. a4 Nc5+ 35. Bxc5 Bxc5 36. b4 Bf8 37. b5 cxb5 38. axb5 h4 39. Kc4 Ke6 40. g3 hxg3 41. Nxg3 Bc5 42. Nf5 Bf2 43. Kd3 Bc5 44. h4 gxh4 45. Nxh4 Bf2 46. Nf5 Bc5 47. Kc4 Bf8 48. Ne3 Bc5 49. Nd5 Bd6 50. Nb4 Bxb4 51. Kxb4 Kd7 1/2-1/2

[Event "Bayern-ch Seniors 24nd"]
[Site "Bergen"]
[Date "2012.06.21"]
[Round "6"]
[White "Reichwald, Klaus Dieter"]
[Black "Kalkmann, Hans"]
[Result "1/2-1/2"]
[WhiteElo "1738"]
[BlackElo "1812"]
[PlyCount "81"]
[EventDate "2012.06.16"]
[EventType "swiss"]
[EventRounds "9"]
[EventCountry "GER"]
[SourceTitle "EXT 2015"]
[Source "ChessBase"]
[SourceDate "2014.11.20"]
[SourceVersion "1"]
[SourceVersionDate "2014.11.20"]
[SourceQuality "1"]

1. e4 e6 2. d4 d5 3. Nc3 Bb4 4. e5 Qd7 5. Nf3 b6 6. Bd2 Ne7 7. a3 Bxc3 8. bxc3 Ba6 9. Bd3 c5 10. Bxa6 Nxa6 11. 0-0 Nc6 12. Be3 Na5 13. Qe2 Nc4 14. Nd2 cxd4 15. Nxc4 dxc4 16. Bxd4 Qc6 17. f4 g6 18. a4 Nc7 19. Qf2 Nd5 20. Rfb1 0-0 21. Rf1 f5 22. Rfb1 Rfc8 23. h3 a6 24. Kh2 b5 25. axb5 axb5 26. g3 Rxa1 27. Rxa1 Ra8 28. Rxa8+ Qxa8 29. g4 Qa3 30. gxf5 gxf5 31. Qg3+ Kf7 32. Qh4 Kg7 33. Qg5+ Kh8 34. Qd8+ Kg7 35. Qd7+ Qe7 36. Qxb5 Nxf4 37. Qxc4 Qh4 38. Qf1 Ng6 39. Qf3 Qe1 40. Be3 Qb1 41. Qf2 1/2-1/2

[Event "Bayern-ch Seniors 24nd"]
[Site "Bergen"]
[Date "2012.06.18"]
[Round "3"]
[White "Moderegger, Ludwig"]
[Black "Reichwald, Klaus Dieter"]
[Result "0-1"]
[WhiteElo "1491"]
[BlackElo "1738"]
[PlyCount "88"]
[EventDate "2012.06.16"]
[EventType "swiss"]
[EventRounds "9"]
[EventCountry "GER"]
[SourceTitle "EXT 2015"]
[Source "ChessBase"]
[SourceDate "2014.11.20"]
[SourceVersion "1"]
[SourceVersionDate "2014.11.20"]
[SourceQuality "1"]

1. d4 Nf6 2. c4 g6 3. Nf3 Bg7 4. Nc3 d6 5. e4 0-0 6. Be2 Nbd7 7. b3 c5 8. Be3 Ng4 9. Qd2 Nxe3 10. fxe3 a6 11. 0-0 b6 12. Rad1 Bb7 13. d5 Ne5 14. Bd3 Bc8 15. Nxe5 Bxe5 16. Be2 Bd7 17. Bf3 Qc8 18. Ne2 Qd8 19. Nf4 b5 20. Nd3 Bg7 21. Qe2 bxc4 22. bxc4 Rb8 23. Rb1 Qa5 24. Qc2 Ba4 25. Qf2 Qc3 26. Be2 Rxb1 27. Rxb1 Qxc4 28. Rb6 Bb5 29. Qf3 Qxa2 30. Nf4 Bxe2 31. Nxe2 a5 32. Qf1 a4 33. Ra6 a3 34. Nc1 Qb2 35. Nd3 Qb3 36. Qe2 Bb2 37. Ra5 c4 38. Ne1 Rb8 39. Ra7 Bf6 40. Kf2 Qb2 41. Nc2 Rb3 42. Qxc4 Rc3 43. Ra8+ Kg7 44. Qa6 Rxc2+ 0-1

[Event "Bayern-ch Seniors 23rd"]
[Site "Bergen"]
[Date "2011.06.02"]
[Round "6"]
[White "Reichwald, Klaus Dieter"]
[Black "Eichinger, Guenther"]
[Result "0-1"]
[WhiteElo "1717"]
[BlackElo "1818"]
[PlyCount "54"]
[EventDate "2011.05.28"]
[EventType "swiss"]
[EventRounds "9"]
[EventCountry "GER"]
[SourceTitle "EXT 2012"]
[Source "ChessBase"]
[SourceDate "2011.11.24"]
[SourceVersion "1"]
[SourceVersionDate "2011.11.24"]
[SourceQuality "1"]

1. e4 e5 2. Nf3 Nc6 3. Bb5 a6 4. Ba4 b5 5. Bb3 d6 6. h3 Be7 7. d3 Nf6 8. 0-0 Na5 9. c3 Nxb3 10. Qxb3 Be6 11. Qc2 c5 12. Be3 0-0 13. Ng5 h6 14. Nxe6 fxe6 15. Nd2 Rc8 16. Rac1 d5 17. f3 Nh5 18. Bf2 Bg5 19. Rce1 Qf6 20. Re2 Bf4 21. g4 Qg6 22. Kh1 Bxd2 23. gxh5 Qxh5 24. Qxd2 Qxh3+ 25. Kg1 Rxf3 26. Re3 Rcf8 27. Rxf3 Rxf3 0-1

[Event "Bad Woerishofen Seniors op 24th"]
[Site "Bad Woerishofen"]
[Date "2008.03.01"]
[Round "3"]
[White "Dinser, Hans"]
[Black "Reichwald, Klaus Dieter"]
[Result "1/2-1/2"]
[WhiteElo "1895"]
[BlackElo "1970"]
[PlyCount "48"]
[EventDate "2008.02.28"]
[EventType "swiss"]
[EventRounds "9"]
[EventCountry "GER"]
[SourceTitle "EXT 2019"]
[Source "ChessBase"]
[SourceDate "2018.10.10"]
[SourceVersion "1"]
[SourceVersionDate "2018.10.10"]
[SourceQuality "1"]

1. d4 Nf6 2. c4 g6 3. Qc2 Bg7 4. Nf3 d6 5. e3 0-0 6. Bd3 Nbd7 7. 0-0 e5 8. dxe5 Nxe5 9. Nxe5 dxe5 10. Nd2 c6 11. a4 Ng4 12. h3 Nh6 13. e4 f5 14. Ra3 f4 15. Be2 g5 16. Rd3 Qe7 17. b3 Be6 18. Bb2 Rad8 19. Rxd8 Rxd8 20. Nf3 Bc8 21. Rd1 Rxd1+ 22. Qxd1 Nf7 23. Nh2 h6 24. Qd3 Qd6 1/2-1/2

[Event "Bad Woerishofen Seniors op 24th"]
[Site "Bad Woerishofen"]
[Date "2008.02.29"]
[Round "2"]
[White "Reichwald, Klaus Dieter"]
[Black "Narr, Irmgard"]
[Result "1-0"]
[WhiteElo "1787"]
[BlackElo "1567"]
[PlyCount "85"]
[EventDate "2008.02.28"]
[EventType "swiss"]
[EventRounds "9"]
[EventCountry "GER"]
[SourceTitle "EXT 2022"]
[Source "ChessBase"]
[SourceDate "2021.10.06"]
[SourceVersion "1"]
[SourceVersionDate "2021.10.06"]
[SourceQuality "1"]

1. e4 e6 2. d4 d5 3. Nc3 Bb4 4. e5 c5 5. a3 Qa5 6. Bd2 cxd4 7. axb4 Qb6 8. Na4 Qc7 9. Nf3 Ne7 10. Bd3 Nbc6 11. Qe2 Ng6 12. Bxg6 hxg6 13. 0-0 Bd7 14. Nc5 Bc8 15. b5 Ne7 16. Bb4 Nf5 17. Nb3 Qc4 18. Qxc4 dxc4 19. Nbxd4 Nxd4 20. Nxd4 Bd7 21. c3 Rh5 22. Bd6 f6 23. Rfe1 f5 24. Ra5 g5 25. Rea1 Kf7 26. Rxa7 Rxa7 27. Rxa7 Bc8 28. Nc6 Ke8 29. Ne7 Bd7 30. Rxb7 g4 31. Rb8+ Kf7 32. g3 g5 33. b6 f4 34. b7 Bb5 35. Rf8+ Kxf8 36. b8Q+ Be8 37. Nd5+ Kf7 38. Nf6 Rh8 39. Qc7+ Kg6 40. Qe7 fxg3 41. fxg3 Kf5 42. Nxe8 Rxe8 43. Qxe8 1-0